Países de Fronteira Única - Statistics

Estatísticas Gerais
  • Esse quiz foi jogado 10 690 vezes
  • A pontuação média é 11 de 17
Estatísticas das Respostas
País Fronteiriço País % Correto
Estados Unidos Canadá
94%
Coreia do Norte Coréia do Sul
79%
Espanha Portugal
78%
África do Sul Lesoto
73%
Itália Vaticano
72%
Reino Unido Irlanda
69%
Itália San Marino
67%
República Dominicana Haiti
62%
Indonésia Papua Nova Guiné
61%
Haiti República Dominicana
59%
Alemanha Dinamarca
57%
França Mônaco
57%
Irlanda Reino Unido
56%
Arábia Saudita Catar
50%
Malásia Brunei
46%
Indonésia Timor-Leste
44%
Senegal Gâmbia
38%
Nenhum quiz correspondente encontrado
Distribuição das Pontuações
Porcentagem de Pessoas com Cada Pontuação
Percentil de Números Respondidos
Sua Pontuação Histórica
Você não jogou esse quiz